| 000 | 00476nam a2200193Ia 4500 | ||
|---|---|---|---|
| 008 | 240510s9999 xx 000 0 und d | ||
| 020 | _a817656155X | ||
| 041 | _aEng | ||
| 082 | _a005.117 | ||
| 082 | _bH24 | ||
| 100 | _aHELLER P. & ROBERTS S. | ||
| 245 | 0 | _aJAVA 2 DEVELOPER'S HANDBOOK :( With CD) | |
| 260 | _bNEW DELHI : BPB PUBLICATIONS | ||
| 260 | _c2000 | ||
| 300 | _a1011 p. | ||
| 650 | _aJAVA : OBJECT ORIENTED PROGRAMMING | ||
| 942 | _2ddc | ||
| 942 | _cRBK | ||
| 999 |
_c26845 _d26845 |
||
| 945 |
_a1 _bMadushi Gamage _c1 _dMadushi Gamage |
||